| 000 | 00663nam a2200181Ia 4500 | ||
|---|---|---|---|
| 008 | 100920s9999 xx 000 0 und d | ||
| 082 |
_b86128 _a24 थ 72 |
||
| 100 | _aजोशी वासुदेव विनायक. | ||
| 245 | _aजुने दोरे नवे धागे. | ||
| 260 |
_bप्रसाद रौप्यमहोत्सवी प्रकाशन, पुणे. _c1972 |
||
| 300 |
_a176 _bसाधी |
||
| 365 | _b7 | ||
| 520 | _aसायो. | ||
| 630 | _aजुने दोरे नवे धागे. | ||
| 650 | _aसायो. | ||
| 730 | _aजुने दोरे नवे धागे. | ||
| 942 | _cBOOK | ||
| 999 |
_c726638 _d726635 |
||